|
|
|
|
| LEADER |
00000nla2a2200000 4500 |
| 001 |
230696 |
| 005 |
20240122165143.0 |
| 035 |
|
|
|a (RuTPU)RU\TPU\book\251614
|
| 035 |
|
|
|a RU\TPU\book\251608
|
| 090 |
|
|
|a 230696
|
| 100 |
|
|
|a 20130124d2012 k y0rusy50 ca
|
| 101 |
0 |
|
|a rus
|
| 102 |
|
|
|a RU
|
| 105 |
|
|
|a y z 100zy
|
| 135 |
|
|
|a drnn ---uucaa
|
| 181 |
|
0 |
|a i
|
| 182 |
|
0 |
|a b
|
| 200 |
1 |
|
|a Источник направленного инфракрасного излучения
|f В. А. Архипов [и др.]
|
| 203 |
|
|
|a Текст
|c электронный
|
| 215 |
|
|
|a 1 файл (791 Кб)
|
| 300 |
|
|
|a Заглавие с экрана
|
| 320 |
|
|
|a [Библиогр.: с. 239 (11 назв.)]
|
| 337 |
|
|
|a Adobe Reader
|
| 463 |
|
1 |
|0 (RuTPU)RU\TPU\book\250691
|t Теплофизические основы энергетических технологий
|o сборник научных трудов III Всероссийской научно-практической конференции с международным участием, 4-6 октября 2011 г., Томск
|f Национальный исследовательский Томский политехнический университет (ТПУ) ; ред. коллегия: Г. В. Кузнецов [и др.]
|v [С. 236-239]
|d 2012
|
| 610 |
1 |
|
|a электронный ресурс
|
| 610 |
1 |
|
|a труды учёных ТПУ
|
| 610 |
1 |
|
|a источники
|
| 610 |
1 |
|
|a инфракрасное излучение
|
| 701 |
|
1 |
|a Архипов
|b В. А.
|
| 701 |
|
1 |
|a Борисов
|b Б. В.
|c специалист в области теплотехники
|c профессор Томского политехнического университета, доктор физико-математических наук
|f 1954-
|g Борис Владимирович
|3 (RuTPU)RU\TPU\pers\27008
|9 12593
|
| 701 |
|
1 |
|a Гущин
|b А. Н.
|
| 701 |
|
1 |
|a Кирдяшкин
|b А. И.
|
| 701 |
|
1 |
|a Козлов
|b Е. А.
|
| 701 |
|
1 |
|a Куриленко
|b Н. И.
|
| 701 |
|
1 |
|a Максимов
|b Ю. М.
|
| 801 |
|
1 |
|a RU
|b 63413507
|c 20101016
|
| 801 |
|
2 |
|a RU
|b 63413507
|c 20150321
|g RCR
|
| 856 |
4 |
|
|u http://www.lib.tpu.ru/fulltext/c/2012/C02/061.pdf
|
| 942 |
|
|
|c CF
|